1754 1705 1869 1295 1357 1541 1407 1899 1068 1267 1553 1554 1171 1065 1330 1530 1440 1691 1472 1244 1913 1678 1770 1869 1242 1524 1734 1754 1148 1527 1748 1563 1292 1497 1239 1595 1526 1472 1850 1133 1477 1888 1736 1115 1460 1362 1699 1396 1179 1756 1635 1570 1623 1457 1382 1565 1248 1069 1093 1868 1828 1762 1155 1518 1052 1753 1625 1849 1364 1721 1897 1606 1738 1129 1861 1384 1227 1214 1305 1718 1006 1045 1794 1880 1199 1905 1886 1241 1185 1453 1368 1734 1985 1979 1681 1647 1168 1319 1586 BCNSPRNW ULIB Ver.6.0+V

เปลี่ยนเป็นภาษาไทย

Change to English
 แสดงรายละเอียดบรรณานุกรม
  กลับหน้าหลัก

Brief Record : Get Marc (ISO 2709) : E-mail record : QR code < ปิดหน้าต่าง
LEADER : 00000nam 2200000uu 4500
001    13399109526
003     ULIB
008    110404s2548||||th 000 0 tha d
020    9746576763
060 04 WX167^bอ584ก 2548
100 0  อะเคื้อ อุณหเลขกะ
245 10 การติดเชื้อในโรงพยาบาล : ระบาดวิทยาและการป้องกัน :^bNosocomial infections :^bepidemiology and prevention /^cอะเคื้อ อุณหเลขกะ
246 31 Nosocomial infections : epidemiology and prevention
250    พิมพ์ครั้งที่ 2
260    เชียงใหม่ :^bคณะพยาบาลศาสตร์ มหาวิทยาลัยเชียงใหม่,^c2548
300    393 หน้า :^bภาพประกอบ ;^c27ซม.
650  7 การติดเชื้อในโรงพยาบาล
650  7 การติดเชื้อในโรงพยาบาล^xการป้องกันและควบคุม
710  2 มหาวิทยาลัยเชียงใหม่. ^bคณะพยาบาลศาสตร์
945    ^p400^l0^i017275
945    ^p400^l0^i017274
945    ^p400^l0^i017273
945    ^p400^l0^i017272
945    ^p400^l0^i027449
945    ^p400^l0^i017271
995    เกษร
999 ^a ใช้งานได้ทุกระบบ
รายการนี้ยังไม่มีแท็ก
คุณยังไม่ได้ล็อกอิน คุณสามารถมีกิจกรรมร่วมกับเว็บไซต์ได้ แต่ต้องล็อกอินก่อน ::
  ล็อกอิน

รายการสื่อสารสนเทศ

ลำดับที่ ประเภท เลขเรียก/บาร์โค้ด สถานที่ สถานะ
1. วิทยาศาสตร์การแพทย์ และสุขภาพ
วิทยาศาสตร์การแพทย์ และสุขภาพ
สถานะ=หนังสือเก่า
WX167 อ584ก 2548 ฉ.1 
  Barcode: 017271
ห้องสมุดวิทยาเขตสวรรค์ประชารักษ์
►ส่วนจัดเก็บหนังสือเก่า สปร
บนชั้น
  ขอยืม
2. วิทยาศาสตร์การแพทย์ และสุขภาพ
วิทยาศาสตร์การแพทย์ และสุขภาพ
สถานะ=หนังสือเก่า
WX167 อ584ก 2548 ฉ.2 
  Barcode: 017272
ห้องสมุดวิทยาเขตสวรรค์ประชารักษ์
►ส่วนจัดเก็บหนังสือเก่า สปร
บนชั้น
  ขอยืม
3. วิทยาศาสตร์การแพทย์ และสุขภาพ
วิทยาศาสตร์การแพทย์ และสุขภาพ
WX167 อ584ก 2548 ฉ.3 
  Barcode: 017273
ห้องสมุดวิทยาเขตสวรรค์ประชารักษ์
►ส่วนจัดเก็บหนังสือเก่า สปร
บนชั้น
  ขอยืม
4. วิทยาศาสตร์การแพทย์ และสุขภาพ
วิทยาศาสตร์การแพทย์ และสุขภาพ
WX167 อ584ก 2548 ฉ.4 
  Barcode: 017274
ห้องสมุดวิทยาเขตสวรรค์ประชารักษ์
►ส่วนจัดเก็บหนังสือเก่า สปร
บนชั้น
  ขอยืม
5. วิทยาศาสตร์การแพทย์ และสุขภาพ
วิทยาศาสตร์การแพทย์ และสุขภาพ
WX167 อ584ก 2548 ฉ.5 
  Barcode: 017275
ห้องสมุดวิทยาเขตสวรรค์ประชารักษ์
►ส่วนจัดเก็บหนังสือเก่า สปร
บนชั้น
  ขอยืม
6. วิทยาศาสตร์การแพทย์ และสุขภาพ
วิทยาศาสตร์การแพทย์ และสุขภาพ
WX167 อ584ก 2548 ฉ.6 
  Barcode: 027449
ห้องสมุดวิทยาเขตสวรรค์ประชารักษ์
►ส่วนจัดเก็บหนังสือเก่า สปร
บนชั้น
  ขอยืม

รายการใกล้เคียง
    ผู้แต่ง [อะเคื้อ อุณหเลขกะ]

    หัวเรื่อง [การติดเชื้อในโรงพยาบาล]

BibComment


ยังไม่เคยถูกคอมเมนท์

คอมเมนท์ทรัพยากรรายการนี้
  คอมเมนท์: การติดเชื้อในโรงพ..


 Copyright 2026. Bcnsprnw @Library